Designing organisations for satisfaction and efficiency (Record no. 39801)

MARC details
000 -LEADER
fixed length control field 00553nam a2200145 a 4500
008 - FIXED-LENGTH DATA ELEMENTS--GENERAL INFORMATION
fixed length control field 120416s1978 ||||||||||||||||| || u
050 ## - LIBRARY OF CONGRESS CALL NUMBER
Classification number HD 31 Des
100 ## - MAIN ENTRY--PERSONAL NAME
Personal name Mumford, Enid
245 10 - TITLE STATEMENT
Title Designing organisations for satisfaction and efficiency
Statement of responsibility, etc. edited by Karen Legge
260 ## - PUBLICATION, DISTRIBUTION, ETC.
Place of publication, distribution, etc. Westmend,Eng.:
Name of publisher, distributor, etc. Gower
Date of publication, distribution, etc. 1978
350 ## - PRICE (NR) (BK AM CF MU VM SE) [OBSOLETE]
Price 0.00
650 ## - SUBJECT ADDED ENTRY--TOPICAL TERM
Topical term or geographic name entry element ORGANIZATIONS--MANAGEMENT
650 #0 - SUBJECT ADDED ENTRY--TOPICAL TERM
Topical term or geographic name entry element MANAGEMENT
995 ## - RECOMMENDATION 995 [LOCAL, UNIMARC FRANCE]
-- 0.00
-- CBU-MAIN LIBRARY (Kitwe)
-- 1
-- 18.95
-- 1
-- AVAILABLE
-- Annex Low-Usage Collection
Holdings
Withdrawn status Lost status Source of classification or shelving scheme Damaged status Not for loan Home library Current library Shelving location Date acquired Total Checkouts Full call number Barcode Date last seen Price effective from Koha item type
          CBU-MAIN LIBRARY, KITWE. CBU-MAIN LIBRARY, KITWE.   11/30/2022   HD 31 Des 000432 11/30/2022 11/30/2022 MONOGRAPH